000 00551nam a2200169Ia 4500
008 090201s9999 xx 000 0 und d
010 _aKPL-69000
040 _bमराठी
041 _aमराठी
082 _a47539
_b69000
100 _aसुशिला खेडकर
245 _aशापिता (रामबाग)
_cसुशिला खेडकर
260 _c2006
_bऔदुंबर प्रकाशन
300 _a217
_bमध्यम
600 _aशापिता (रामबाग)
942 _cBOOK
999 _c244237
_d244237